000 00991nam0a22002411i 4500
001 rc\765455
005 20240726004316.0
035 _a(NLR Aleph) 006292663
090 _a7166639
_c7166639
100 _a20040301d1985 u |0rusy50 ca
101 0 _arus
102 _aRU
105 _ay |||||||||
200 1 _aИмитационное моделирование процессов реализации производственных планов
_eНа прим. листопрокат. пр-ва
_eАвтореф. дис. на соиск. учен. степ. к. э. н.
_fАН СССР, Ин-т экономики и орг. пром. пр-ва
210 _aНовосибирск
_d1985
215 _a17 с.
320 _aСписок работ авт.: с. 16-17
333 _aДСП. Экз. № 00002
700 1 _aУрванцева
_bС.Е.
_gСветлана Ефимовна
801 0 _aRU
_bNLR
_gpsbo
801 1 _aRU
_bELAR
_2rusmarc
852 _aNLR
_j86-50К/8197
942 _cBOOK